000 00664nam a2200253Ia 4500
005 20260121155208.0
008 008 260114s9999 xx 000 0 eng d
020 _a9780429457890
037 _aEBOOK
040 _aCRL
040 _beng
040 _cCRL
041 _2eng
041 _aeng
084 _qCRL
100 _a Fang-Yie Leu; Heru Susanto; Chin Kang Chen; Fadzliwati Mohiddin
_91016546
245 0 _aManaging Human Capital in Today?s Globalization
260 _bTaylor and Francis
260 _c2020
856 _uhttp://www.taylorfrancis.com/books/9780429457890
942 _cEBOOK
999 _c1583365
_d1583365